000
00297nam a22001337a 4500
008
181023b xxu||||| |||| 00| 0 eng d
020
_a
9781285194080
041
_a
eng
080
_2
10th
_a
510
100
_a
36
101
_a
MAT
245
_a
Elementary Algebra
_c
Kaufmann,J.E
942
_2
udc
_c
BK
999
_c
50587
_d
50587